UBT Library

Fiscal administration : (Record no. 39598)

000 -LEADER
fixed length control field 00616nam a2200217 a 4500
001 - CONTROL NUMBER
control field 3335036
005 - DATE AND TIME OF LATEST TRANSACTION
control field 20180103034907.0
008 - FIXED-LENGTH DATA ELEMENTS--GENERAL INFORMATION
fixed length control field 851209s1986 ilua b 001 0 eng
010 ## - LIBRARY OF CONGRESS CONTROL NUMBER
LC control number 85073806
020 ## - INTERNATIONAL STANDARD BOOK NUMBER
International Standard Book Number 0256033927
040 ## - CATALOGING SOURCE
Original cataloging agency DLC
Transcribing agency DLC
Modifying agency DLC
041 ## - LANGUAGE CODE
Language code of text/sound track or separate title eng
080 ## - UNIVERSAL DECIMAL CLASSIFICATION NUMBER
Universal Decimal Classification number 350.72 MIK
082 00 - DEWEY DECIMAL CLASSIFICATION NUMBER
Classification number 350.72 MIK
Edition number 19
100 1# - Rafti
Rafti 55
101 ## - Shkurtesa
Shkurtesa TAK
245 10 - TITLE STATEMENT
Title Fiscal administration :
Statement of responsibility, etc John L. Mikesell.
504 ## - BIBLIOGRAPHY, ETC. NOTE
Bibliography, etc Includes bibliographical references and index.
906 ## - LOCAL DATA ELEMENT F, LDF (RLIN)
a 7
b cbc
c orignew
d 3
e opcn
f 19
g y-gencatlg
942 ## - ADDED ENTRY ELEMENTS (KOHA)
Source of classification or shelving scheme
Item type Books
Holdings
Withdrawn status Lost status Source of classification or shelving scheme Damaged status Not for loan Collection code Permanent location Current location Shelving location Date acquired Total Checkouts Full call number Barcode Date last seen Price effective from Koha item type
          Koleksioni i përgjithshem UBT - Lipjan UBT - Lipjan Koleksioni i përgjithshem 01/03/2018   350.72 MIK 002-2994276 01/03/2018 01/03/2018 Books
UBT Library © 2015-2024. All rights reserved University Education for Business and Technology